000 00465nam a2200181Ia 4500
005 20250508155456.0
008 008 250505s9999 xx 000 0 eng d
037 _aBooks to be hide in OPAC
040 _aFEDL
_beng
_cFEDL
041 _aeng
_2eng
084 _a370, RAO
_qFEDL
100 _aRao V K R V
245 0 _aDoes our education need a new look?
260 _c1964
300 _a17p.
942 _cHB
_h370, RAO
999 _c1357161
_d1357161